Письмо Ону Андрея Михайловича - секретаря VII при канцелярии министра иностранных дел - Шиллингу М. Ф.

Доступно только в Электронных читальных залах Найти на картеНа карте
RUSMARC
00003911nac2a22002653x 450
001e7682119-b02a-4029-936f-7a0839f6f0a0
00520211214153935.0
100##$a20211122l1916 k y0rusy50 ca
1010#$arus
102##$aRU
105##$ay z |||||
1220#$ad19160423
2001#$aПисьмо Ону Андрея Михайловича - секретаря VII при канцелярии министра иностранных дел - Шиллингу М. Ф.
$j23 апреля 1916
215##$a3 листа
251##$cДело
300##$aЛист: 1 - конверт с маркой
300##$aРукописный текст
330##$aВходит в раздел описи: 3. Документы о научной и литературной деятельности барона Шиллинга М. Ф.. Письма разных лиц Шиллингу М. Ф.
461#0$1001ff9fc58f-089b-437b-980d-902343bc59d8
$12001
$aШиллинг Маврикий Фабианович, барон, секретарь русского посольства в Вене
$1251
$cФонд
$1852
$j813
462#0$1001665c067c-d934-4316-b9df-5bf0ad49190b
$12001
$aДела постоянного хранения. 1817-1917
$vД. 354
$1251
$cОпись
$1852
$j1
600#1$aШиллинг
$bМ. Ф.
$cбарон
$gМаврикий Фабианович
600#1$aОну
$bА. М.
$gАндрей Михайлович
801#0$aRU
$bGA_RF
801#1$aRU
$bГлавНИВЦ
$c20211122
$2rusmarc
801#2$aRU
$bПБ им. Б.Н. Ельцина
$c20211214
$gRCR
$2rusmarc
852##$aГА РФ
$j354
937##$d171592338
$hГАРФ
035##$aRuPRLIB51061309
856##$uhttp://readingroom.main.prlib.ru/item.aspx?id_node=n171592338&mode=full
Формат отображения